000 00912 a2200217 4500
008 080821t xxu||||| |||| 00| 0 eng d
010 _aENG-85031
020 _a8180545245
_c525.00
035 _aEN-68564
037 _bD.B.Act / Pub
082 _a658.1511
100 _aSaxena, V. K.
245 _aManagement accounting-Decision making
_bfor ICWA and other professional and management examinations
_cby V. K. Saxena and C. D. Vashist
260 _aNew Delhi
_bSultan Chand and Sons
_c2006
270 _a23, Darya Ganj,
_bNew Delhi
_cDelhi
_e110002
_k23266105
_l23266357
300 _avarious pagings
_c24 cm (Pbk)
650 _aManagement accounting
700 _aVashist, C. D.
942 _adpl
_cEN
_k658.1511 / SAX
_2ddc
_h658.1511
_mSAX
999 _c932
_d932